000 01745cam a2200349 i 4500
003 SA-RiAUC
005 20251222121705.0
008 251127s1972 su f l f000r0 ara c
020 _a4319330
040 _aSA-RiAUC
_bara
_cSA-RiAUC
_erda
043 _aa-su---
082 0 4 _a344.53107685
_qSA-RiAUC
090 _a344.53107685
_bس ع و
110 1 _aالسعودية
_eسلطة تشريعية.
240 1 0 _aنظام تعليم الكبار ومحو الأمية (1392 هجري)
245 1 0 _aنظام تعليم الكبار ومحو الأمية /
_cوزارة المعارف.
264 1 _aمكة المكرمة :
_bمطبعة الحكومة،
_c[1972]
300 _a12 صفحة ؛
_c24 × 17 سم
336 _aنص
_btxt
_2rdacontent
_3كتاب
337 _aبدون وسيط
_bn
_2rdamedia
338 _aمجلد
_bnc
_2rdacarrier
500 _aس ع/م ل/3/ن6ت6.
500 _aصدر بالمرسوم الملكي رقم م / 22 وتاريخ 9 / 6 1392 هجري وبقرار مجلس الوزارء رقم 523 وتاريخ 1 / 6 / 1392 هجري ونشر بجريدة أم القرى بعد 2432 في 24 / 4 / 1392 هجري.
610 1 7 _aالسعودية.
_bوزارة المعارف
_vقوانين داخلية
_2aucnm
610 1 7 _aالسعودية.
_bوزارة المعارف
_xمطبوعات حكومية
_2aucnm
650 7 _aتعليم الكبار
_xقوانين وتشريعات
_xمطبوعات حكومية
_zالسعودية
_2aucsh
650 7 _aالمطبوعات الحكومية
_2aucsh
651 7 _aالسعودية
_xمطبوعات حكومية
_2aucsh
710 1 _aالسعودية.
_bوزارة المعارف
_eجهة إصدار.
942 _2ddc
_cBOOK
_n0
949 _aSA-JeALM
_d251127
_umohamedma123
_n1
999 _c13627
_d13627